000
00279nam a2200097Ia 4500
005
20251222114411.0
008
251222s1900||||xx |||||||||||||| ||spa||
082
_a
DVD0192/U61/2005
245
0
_a
Seminario internacional: propuesta psicolingüística para el aprendizaje:
942
_c
DVD
999
_c
2046
_d
2046